000
00306nam a2200133 a 4500
008
141104s2001|||| d
100
1
_a
Sedlák, Mikuláš
245
1
0
_a
MANAŽMENT
260
_b
IURA EDITION s.r.o.
_a
Bratislava
_c
2001
020
_c
0
041
_a
slo
044
_a
xo
_c
SK
958
_a
APR
999
_c
20509
_d
20509